| 000 | 00908nam a22001577a 4500 | ||
|---|---|---|---|
| 003 | OSt | ||
| 005 | 20151231094250.0 | ||
| 008 | 151231b xxu||||| |||| 00| 0 eng d | ||
| 040 | _cRUA | ||
| 082 | _aLMA LIM 2007 B295 Or.1 | ||
| 100 |
_95833 _aLIM, YMENG. |
||
| 245 | _astudy on land use change by using gis application in tboung krapeu commune, stuensaen district, kampong thom province on 1992 and 2007 (សិក្សាពីភាពប្រែប្រួលនៃការប្រើប្រាស់ដីធ្លីដោយប្រើប្រព័ន្ធព័តមានភូមិសាស្រ្ត នៅឃុំត្បូងក្រពើ ស្រុកស្ទឹងសែន ខេត្តកំពង់ធំក្នុង ឆ្នំា ១៩៩២ និង ២០០៧) | ||
| 260 |
_aPhnom Penh _bRUA _c2007 |
||
| 300 |
_aix, 52p. _bill. _c29cm. |
||
| 942 |
_2ddc _cLMA |
||
| 999 |
_c5432 _d5432 |
||